Teatro inédito de Don Francisco de Quevedo / (Record no. 123357)

MARC details
000 -LEADER
campo de control de longitud fija 01013nam a2200253 4500
001 - NÚMERO DE CONTROL
campo de control 123357
003 - IDENTIFICADOR DE NÚMERO DE CONTROL
campo de control ES-MaACL
005 - FECHA Y HORA DE LA ÚLTIMA TRANSACCIÓN
campo de control 20251002163223.0
007 - CAMPO FIJO DE DESCRIPCIÓN FÍSICA--INFORMACIÓN GENERAL
campo de control de longitud fija t|
008 - DATOS DE LONGITUD FIJA--INFORMACIÓN GENERAL
campo de control de longitud fija 070214s1927 sp r ||||1| spa d
100 1# - ENTRADA PRINCIPAL--NOMBRE DE PERSONA
Nombre de persona Quevedo, Francisco de,
Fechas asociadas al nombre 1580-1645
9 (RLIN) 94591
245 10 - MENCIÓN DEL TÍTULO
Título Teatro inédito de Don Francisco de Quevedo /
Mención de responsabilidad, etc. introducción de Miguel Artigas.
260 ## - PUBLICACIÓN, DISTRIBUCIÓN, ETC.
Lugar de publicación, distribución, etc. Madrid :
Nombre del editor, distribuidor, etc. [s.n.],
Fecha de publicación, distribución, etc. 1927 (
Fabricante Tip. de la Revista de Archivos)
300 ## - DESCRIPCIÓN FÍSICA
Extensión LXXX, 252 p. ;
Dimensiones 20 cm.
500 ## - NOTA GENERAL
Nota general Precede al Tit : Real Academia Española.
505 8# - NOTA DE CONTENIDO CON FORMATO
Nota de contenido con formato Contiene: Cómo ha de ser el privado. Bien haya quién a los suyois parece. Pedro Vázquez de Escamilla (fragmento). Fragmento (sin título)
700 1# - ENTRADA AGREGADA--NOMBRE PERSONAL
Nombre de persona Artigas Ferrando, Miguel,
Fechas asociadas al nombre 1887-1947
9 (RLIN) 23471
710 2# - ENTRADA AGREGADA--NOMBRE DE ENTIDAD CORPORATIVA
Nombre de entidad corporativa o nombre de jurisdicción como elemento de entrada Real Academia Española
9 (RLIN) 6336
740 0# - ENTRADA AGREGADA--TÍTULO RELACIONADO/ANALÍTICO NO CONTROLADO
Título relacionado o analítico no controlado Cómo ha de ser el privado.
740 0# - ENTRADA AGREGADA--TÍTULO RELACIONADO/ANALÍTICO NO CONTROLADO
Título relacionado o analítico no controlado Bien haya quién a los suyois parece.
740 0# - ENTRADA AGREGADA--TÍTULO RELACIONADO/ANALÍTICO NO CONTROLADO
Título relacionado o analítico no controlado Pedro Vázquez de Escamilla.
852 ## - LOCALIZACIÓN
Ubicación ES-MaACL
Número de control de estantería C-8412
Sublocalización o colección R.33113
Holdings
Estatus retirado Estado de pérdida Estado de daño No para préstamo Biblioteca de origen Biblioteca actual Ubicación en estantería Fecha de adquisición Fuente de adquisición Total de préstamos Signatura topográfica completa Código de barras Visto por última vez Precio de reemplazo Tipo de ítem Koha
        Biblioteca del Ateneo de Madrid Biblioteca del Ateneo de Madrid Sala Palomar 17/01/2008     C-8412 1128530 23/02/2023 23/02/2023 Libro impreso